BIBLIOTECA

SENCICO

Introducción al urbanismo : conceptos básicos (Registro nro. 2108)

Detalles MARC
000 -LEADER
fixed length control field 00622nam a2200193Ia 4500
005 - DATE AND TIME OF LATEST TRANSACTION
control field 20251020182532.0
008 - FIXED-LENGTH DATA ELEMENTS--GENERAL INFORMATION
fixed length control field 200515s9999 xx 000 0 und d
082 ## - DEWEY DECIMAL CLASSIFICATION NUMBER
Classification number 711.15/D83
100 ## - MAIN ENTRY--PERSONAL NAME
Personal name DUCCI, María Elena
245 #0 - TITLE STATEMENT
Title Introducción al urbanismo : conceptos básicos
260 ## - PUBLICATION, DISTRIBUTION, ETC.
Place of publication, distribution, etc. México, D.F.
260 ## - PUBLICATION, DISTRIBUTION, ETC.
Date of publication, distribution, etc. 1999
500 ## - GENERAL NOTE
General note 1 ejemplar
520 ## - SUMMARY, ETC.
Summary, etc. Contenido: El urbanismo y la planificación.-La ciudad.-Los urbanistas.-El proceso de urbanización.-Geografía urbana.-Sociedad urbana.-forma y estructura de la ciudad
650 ## - SUBJECT ADDED ENTRY--TOPICAL TERM
Topical term or geographic name entry element DISEÑO URBANO
650 ## - SUBJECT ADDED ENTRY--TOPICAL TERM
Topical term or geographic name entry element LIB
650 ## - SUBJECT ADDED ENTRY--TOPICAL TERM
Topical term or geographic name entry element URBANISMO
942 ## - ADDED ENTRY ELEMENTS (KOHA)
Koha item type Libros
Existencias
Fecha de la última vez que lo usaron Pago total Signatura topográfica completa Código de barras Precio efectivo desde Tipo de documento Estado perdido Estado dañado No es para préstamo Retirado Ubicación permanente Ubicación actual Fecha de adquisición
15/05/2020   711.15/D83 Bib-Lima15052108 15/05/2020 Libros         Biblioteca Central Lima Biblioteca Central Lima 15/05/2020